Centuries in History - Statistics

General Stats
  • This quiz has been taken 27 times
  • The average score is 4 of 10
Answer Stats
Event Century % Correct
Catherine the Great becomes Tsar of Russia 18th
75%
Ferdinand Magellan sailed across the world (died on the way) 16th
65%
Shah Jahan builts Taj Mahal 17th
45%
Alexander the Great conquered Persia 4th BC
45%
Timur established Timurid empire 14th
35%
Cyrus the Great's reign 6th BC
25%
Tutankhamun ruled 14th BC
20%
Samudragupta becomes emperor of Gupta empire 4th
20%
The city of Chichen Itza is founded 5th
20%
Confucius was born 6th BC
15%
No matching quizzes found
Score Distribution
Percent of People with Each Score
Percentile by Number Answered
Your Score History
You have not taken this quiz